000 01050cam a2200277 4500
001 ABS67249
008 031121n2003 000 0 eng u
035 _a(Sirsi) u124400
100 _aGrieken, M. van
245 _aWinds of change
260 _c2003
490 _aLandscape Design
_v(324) October 2003, 29-37(4)
520 _aWritten from a landscape architect's point of view, this article considers the dramatic increase in planning applications for windfarms in Scotland, and examines the design implications. Considers the construction and planning implications within Scotland, and development of these farms, including SPP1 and PAN45. Looks at the design implications and the effect of windfarms on the landscape.
590 _aABS
650 _aSCOTLAND
650 _aWINDFARMS
650 _aSPP1
650 _aPAN45
650 _aPLANNING ISSUES
650 _aDESIGN
690 _aENVIRONMENTAL AND LAND CONSULTANCY-ENERGY
700 _aTurnbull, M.
700 _aFletcher, S.
700 _aMcAulay, I.
942 _n0
999 _c73824
_d73824